000
00304nam a22001217a 4500
020
_a
0-07-022764-0
082
_a
620 MCG
100
_a
GANIC EDUP N, HICKS TYLER G
_9
67645
245
_a
ESSENTIAL ENGINEERING INFORMATION AND DATA
260
_a
NEW YORK
_b
MCGRAW HILL
_c
1991
300
_a
PDF
942
_c
BK
999
_c
575374
_d
575374